Leading school-based networks [

Based around the lifecycle of a network, this text takes the reader from the initial inception of a network to considering how to make it sustainable and capable of meeting the future challenges faced by schools and their communities

Bibliographic Details
Main Authors: Hadfield, Mark (Author), Chapman, Christopher , 1972- (Author)
Format: Book
Language:English
Published: Abingdon, Oxon ;New York, NY : Routledge , c2009
Subjects:
Online Access:NetLibrary

MARC

LEADER 00000cam a2200000 7i4500
001 0000070708
005 20170213093000.0
008 110227s2009 enk eng
020 |a 0203879007 (electronic bk.) 
020 |a 0415464641 (hbk.) 
020 |a 041546465X (pbk.) 
020 |a 9780203879009 (electronic bk.) 
020 |a 9780415464642 (hbk.) 
020 |a 9780415464659 (pbk.) 
090 0 0 |a LB2901   |b .H33 2009 
100 1 |a Hadfield, Mark ,   |e author 
245 1 0 |a Leading school-based networks [  |h electronic resource]   |c Mark Hadfield and Christopher Chapman 
260 |a Abingdon, Oxon ;New York, NY :   |b Routledge ,   |c c2009 
300 |a 1 online resource (x, 164 p.) :   |b ill 
500 |a Description based on print version record 
504 |a Includes bibliographical references and index 
505 0 |a 1. Why get involved in a network of schools? -- 2. Designing an effective school network -- 3. Establishing a school-based network -- 4. Building leadership capacity: challenges and opportunities -- 5. Sustaining and developing a network of schools -- 6. Working the net: the role of the external facilitator -- 7. Where next? 
520 |a Based around the lifecycle of a network, this text takes the reader from the initial inception of a network to considering how to make it sustainable and capable of meeting the future challenges faced by schools and their communities 
650 0 |a Educational leadership   |z Great Britain 
650 0 |a Inter-school cooperation   |z Great Britain 
650 0 |a School improvement programs   |z Great Britain 
650 0 |a School management and organization   |z Great Britain 
700 1 |a Chapman, Christopher ,   |d 1972- ,   |e author 
856 4 0 |3 NetLibrary   |u http://www.netlibrary.com/urlapi.asp?action=summary&v=1&bookid=270686 
999 |a 1000137394   |b Electronic Resource   |c OPEN SHELF (30 DAYS)   |e Gong Badak Campus